000 00635nam a22001937a 4500
003 SISC
005 20170627102130.0
008 170627b xxu||||| |||| 00| 0 eng d
020 _a9789719804185
050 _aKPM 2790
_b.Ad38 2016
100 _aAduana, Nick L.
245 _aSimplified and procedural handbook on transfer and business taxation /
_cNick L. Aduana.
250 _a3rd edition.
260 _aQuezon City :
_bC & E Publishing, Inc.,
_c2016.
300 _a759 pages ;
_c22 cm.
500 _aIncludes appendix and index.
650 _aInheritance and transfer tax
_xLaw and legislation
_zPhilippines.
942 _2lcc
_cBK
999 _c335249
_d335249